Government construction (Record no. 112503)

MARC details
000 -LEADER
fixed length control field 01300cad a22002055a 4500
001 - CONTROL NUMBER
control field L153411
008 - FIXED-LENGTH DATA ELEMENTS--GENERAL INFORMATION
fixed length control field 110722s2011 xxk f 000 0 eng d
035 ## - SYSTEM CONTROL NUMBER
System control number (Sirsi) u153411
041 0# - LANGUAGE CODE
Language code of text/sound track or separate title eng
110 2# - MAIN ENTRY--CORPORATE NAME
Corporate name or jurisdiction name as entry element United Kingdom
Subordinate unit Cabinet Office
9 (RLIN) 5270
245 00 - TITLE STATEMENT
Title Government construction
Remainder of title the funded construction pipeline, July 2011
Medium [electronic resource]
260 ## - PUBLICATION, DISTRIBUTION, ETC.
Place of publication, distribution, etc. London
Name of publisher, distributor, etc. CO
Date of publication, distribution, etc. 2011
520 ## - SUMMARY, ETC.
Summary, etc. The government is committed to the publication on a quarterly basis of the forward pipeline of funded construction projects, commencing in autumn 2011. Annex A of this report sets out first estimates (only) for the overall size of the forward pipeline of government procurement in construction. This has been published now to enable the construction industry to work together with government on a collaborative basis, to ensure that the autumn publication meets as fully as possible the requirements of the construction industry and helps government achieve value for money from its construction procurement.
590 ## - LOCAL NOTE (RLIN)
Local note KA NTK
651 #4 - SUBJECT ADDED ENTRY--GEOGRAPHIC NAME
Geographic name United Kingdom
Chronological subdivision
690 ## - LOCAL SUBJECT ADDED ENTRY--TOPICAL TERM (OCLC, RLIN)
Topical term or geographic name as entry element Procurement
9 (RLIN) 6260
690 ## - LOCAL SUBJECT ADDED ENTRY--TOPICAL TERM (OCLC, RLIN)
Topical term or geographic name as entry element BUILT ENVIRONMENT-CONSTRUCTION MARKET
856 40 - ELECTRONIC LOCATION AND ACCESS
Uniform Resource Identifier <a href="https://www.gov.uk/government/publications/government-construction-pipeline">https://www.gov.uk/government/publications/government-construction-pipeline</a>
Public note View this item free of charge at www.gov.uk
942 ## - ADDED ENTRY ELEMENTS (KOHA)
Suppress in OPAC 0
Holdings
Withdrawn status Lost status Source of classification or shelving scheme Damaged status Not for loan Home library Current library Shelving location Date acquired Total Checkouts Full call number Barcode Date last seen Copy number Price effective from Koha item type
    Dewey Decimal Classification     Virtual Virtual Online 22/07/2011   ONLINE PUBLICATION 153411-2001 06/08/2019 1 06/08/2019 Book